Reforma verejnej správy v Slovenskej republike (decentralizácia)

Verejná správa na Slovensku a jej usporiadanie od roku 2004. Dve základné zložky verejnej správy (od roku 1990) - samospráva a štátna správa. Decentralizácia, reforma verejnej správy. Novší pohľad na riadenie verejnej správy - "New public management". Nová filozofia riadenia vo verejnej správe.

Salvato in:
Dettagli Bibliografici
Autore principale: Galajdová, Jana
Natura: Capitolo di libro
Lingua:slovacco
Soggetti:
Tags: Aggiungi Tag
Nessun Tag, puoi essere il primo ad aggiungerne!!

MARC

LEADER 00000naa$a2200000$$$4500
001 0060658
005 20221128134525.6
041 0 |a slo 
044 |a CZ 
245 1 0 |a Reforma verejnej správy v Slovenskej republike (decentralizácia)  |c Jana Galajdová 
520 |a Verejná správa na Slovensku a jej usporiadanie od roku 2004. Dve základné zložky verejnej správy (od roku 1990) - samospráva a štátna správa. Decentralizácia, reforma verejnej správy. Novší pohľad na riadenie verejnej správy - "New public management". Nová filozofia riadenia vo verejnej správe. 
610 2 0 |a správa verejná 
610 2 0 |a reformy 
610 2 0 |a decentralizácia 
610 2 0 |a samospráva 
610 2 0 |a správa štátna 
610 2 0 |a riadenie 
610 2 0 |a Slovensko 
100 1 |a Galajdová, Jana